Ergonomics and Technology effectivness
Saved in:
| Main Author: | |
|---|---|
| Format: | Book |
| Language: | English |
| Published: |
Köthen :
Hochschule Anhalt,
2008
|
| Edition: | 1st ed |
| Series: | Scientific monographs
|
| Subjects: | |
| Online Access: | OBSAH |
| Tags: |
No Tags, Be the first to tag this record!
|
MARC
| LEADER | 00000nam a22000003a 4500 | ||
|---|---|---|---|
| 001 | stu174851 | ||
| 005 | 20221209141549.8 | ||
| 008 | 081028s2008----gw------------------eng-d | ||
| 020 | |a 978-3-86011-020-1 | ||
| 040 | |a STU |b slo | ||
| 041 | 0 | |a eng | |
| 044 | |a gw | ||
| 100 | 1 | |a Hatiar, Karol, |d 1949- |4 aut |u M4000 |9 100 |U MTF Materiálovotechnologická fakulta |T MTF Ústav priemyselného inžinierstva a manažmentu |X 326 |U M4000 |Y 84 |7 A000000326 | |
| 245 | 1 | |a Ergonomics and Technology effectivness | |
| 250 | |a 1st ed | ||
| 260 | |a Köthen : |b Hochschule Anhalt, |c 2008 | ||
| 300 | |a 83 s | ||
| 650 | 7 | |a ergonómia |2 stusub | |
| 830 | 0 | |a Scientific monographs | |
| 856 | 4 | |a https://sweb.mtf.stuba.sk/obsahy/ergonomics_and_technology_effectivness_08.pdf |u https://sweb.mtf.stuba.sk/obsahy/ergonomics_and_technology_effectivness_08.pdf |3 OBSAH | |
| 996 | |b 284M069737 |c M*12454-1 |l MMST |s A |a 24 |w stu174851_0002 | ||